000
00325 a2200109 4500
001
ART_8273
005
20260410161833.0
008
260409a
245
1
0
_a
Actualidad financiera y cambiaria
100
1
_a
Sun, Ramón F.
773
0
_t
Contabilidad y administración
_g
- Año 2, Nº 22 (abr. 1979)
_w
REV5485
999
_c
23392
_d
23392